Energías alternativas : legislación y soluciones para países con desafíos energéticos /

Bibliographic Details
Main Authors: Zarzosa González, Héctor J. (Author), Alem Deaces, José A. (Author), Mora Páez, Lorena M. (Author)
Format: Electronic eBook
Language:Spanish
Published: Madrid : Dextra Editorial, [2025]
Subjects:
Online Access:Digitalia Hispánica

MARC

LEADER 00000nam a2200000Ii 4500
001 DIGDEXT0116
003 NyNyDIG
006 m o d
007 cr |||||||||||
008 250909s2025 sp ao ob 000 0 spa d
035 |a (OCoLC)1535343467 
040 |a DGITA  |b eng  |e rda  |e pn  |c DGITA 
020 |a 9788410026360  |q eBook 
020 |z 9788410026353 
050 1 4 |a TJ808 ebook 
100 1 |a Zarzosa González, Héctor J.,  |e author. 
245 1 0 |a Energías alternativas :  |b legislación y soluciones para países con desafíos energéticos /  |c Héctor J. Zarzosa González, José A. Alem Deaces, Lorena M. Mora Páez. 
264 1 |a Madrid :  |b Dextra Editorial,  |c [2025] 
300 |a 1 online resource :  |b illustrations, photographs. 
336 |a text  |b txt  |2 rdacontent 
337 |a computer  |b c  |2 rdamedia 
338 |a online resource  |b cr  |2 rdacarrier 
347 |a text file  |2 rdaft 
347 |b PDF 
504 |a Includes bibliographical references. 
588 0 |a Online resource; title from PDF title page (Digitalia, viewed September 9, 2025) 
650 0 |a Renewable energy sources. 
650 0 |a Renewable energy sources  |x Law and legislation. 
700 1 |a Alem Deaces, José A.,  |e author. 
700 1 |a Mora Páez, Lorena M.,  |e author. 
791 2 |a Digitalia (Firm),  |e distributor. 
793 0 |g Digitalia eBook Collection:  |a Dextra Editorial 
776 0 8 |i Print version:  |a Zarzosa González, Héctor J.  |t Energías alternativas.  |d Madrid : Dextra Editorial, [2025]  |z 9788410026353 
856 4 0 |3 Digitalia Hispánica  |u https://www.digitaliapublishing.com/a/180578/ 
910 |a Premium collection: 2025